| 000 | 00869 a2200229 4500 | ||
|---|---|---|---|
| 999 |
_c8346 _d8346 |
||
| 003 | GBCCL | ||
| 005 | 20241126110648.0 | ||
| 008 | 200210b ||||| |||| 00| 0 eng d | ||
| 020 | _a9788180697708 | ||
| 020 | _a8180697703 | ||
| 040 | _cgbc | ||
| 082 |
_a338.90082 _a338.900820954164 _bSAT |
||
| 100 |
_aSatya, Y _914553 |
||
| 245 | _aOccupational inclinations of tribal women in Meghalaya | ||
| 260 |
_aNew Delhi : _bConcept Publishing Company, _c 2012. |
||
| 300 |
_a238 pages : illustrations (chiefly color), maps ; _b23 cm |
||
| 505 | _a Study on Khasi, Garo, and Jaintia women of Megahalaya. | ||
| 650 |
_aWomen, Khasi -- India -- Meghalaya -- Economic conditions. _914554 |
||
| 650 |
_aWomen, Garo -- India -- Meghalaya -- Economic conditions. _914555 |
||
| 650 |
_a Women, Jaintia -- India -- Meghalaya -- Economic conditions _914556 |
||
| 942 |
_2ddc _cBK |
||